Estrategias para la comprensión de textos periodísticos /
Guardado en:
| Autor Principal: | |
|---|---|
| Formato: | Libro |
| Publicado: |
Córdoba :
Comunicarte,
2005
|
| Materias: | |
| Etiquetas: |
Agregar Etiqueta
Sin Etiquetas, Sea el primero en etiquetar este registro!
|
| LEADER | 01130nam a22002415a 4500 | ||
|---|---|---|---|
| 001 | CEM.cems013531 | ||
| 005 | 20110426094827.0 | ||
| 008 | 130507s2005##################000#0#####d | ||
| 003 | CEMS | ||
| 020 | |a 9871151284 | ||
| 082 | 0 | 4 | |a 468.6 |
| 100 | 1 | |a Milesi, Leticia | |
| 245 | 1 | 0 | |a Estrategias para la comprensión de textos periodísticos / |c Leticia Milesi |
| 260 | |a Córdoba : |b Comunicarte, |c 2005 | ||
| 300 | |a 116 p. | ||
| 500 | |a Selección de textos informativos, expositivos y argumentativos para Cbu y polimodal. | ||
| 505 | 0 | |a Qué es un texto -- Textos expositivos -- Textos argumentativos, reconocimiento del proceso de argumentación -- La lectura de un texto periodístico, reconocimiento organización del texto -- Diversas instancias de comprensión -- La noticia -- La noticia periodística -- La nota editorial -- Series de lectura -- El proceso de lectura | |
| 653 | |a Comprensión de textos | ||
| 653 | |a Textos periodísticos | ||
| 653 | |a Lectura-comprensión | ||
| 653 | |a Textos-estrategias de comprensión | ||
| 653 | |a Estrategias de lectura | ||
| 859 | |a CEMS |b BIB. CEMS - 11 de abril |h 468.6 |i M598 |p 26152.11 |t Ej.1 | ||
